| 000 | 00637cam a2200193 a 4500 | ||
|---|---|---|---|
| 001 | 000018241 | ||
| 005 | 20200929165421.0 | ||
| 008 | 760213s1955 fr 000 f fre d | ||
| 020 | _a9782070287307 | ||
| 040 |
_aDO-SdBNP _bfre _cBNPHU |
||
| 082 |
_aH863.914 _bS828c |
||
| 100 | 1 |
_aAlexis, Jacques Stephen, _d1922-1961. _927794 |
|
| 245 | 1 | 0 |
_aCompère Général Soleil / _cJacques Stephen Alexis. |
| 260 |
_aParis : _bGallimard, _c1955. |
||
| 300 |
_a350 p. ; _c21 cm. |
||
| 500 | _aIncluye referencias bibliográficas y notas al pie de las páginas | ||
| 650 | 4 |
_aNovela haitiana _93196 |
|
| 650 | 4 |
_aLiteratura haitiana _ySIGLO XX _939504 |
|
| 999 |
_c17762 _d17762 |
||